000 01839nam0a2200349 4500
001 RU\NLR\bibl\1528183
005 20260409075950.0
010 _a978-5-904190-01-9
_9150
021 _aRU
_b2010-39319
_92631
035 _a(NLR Aleph) 001519522
090 _a131513
_c131513
100 _a20100628d2009 |||y0rusy50 ca
101 0 _arus
102 _aRU
105 _aa |||||||||
200 1 _aКоммуникативные технологии в образовании
_eМежвузовская научно-практическая конференция, 15 апреля 2009 г.
_f[отв. ред.: Федосова Е.Г.]
210 _aМосква
_cНОУ ВПО "Институт коммуникативных технологий"
_d2009
215 _a72 с.
_cил.
_d21
300 _aВ надзаг.: Ин-т коммуниатив. технологий
320 _aБиблиогр. в конце докл. и в подстроч. примеч.
606 1 _aКоммуникативная педагогика
_jСъезды, совещания и т.п.
_92334843
_3RU\NLR\auth\661395993
606 _aОбразование
_xИнформационные технологии
_jСъезды, совещания и т.п.
_3RU\NLR\auth\661575610
_92103593
686 _aЧ30в2я431
686 _aЧ312.31я431
702 1 _aФедосова
_bЕ. Г.
_gЕлена Георгиевна
_4340
711 1 2 _a"Коммуникативные технологии в образовании", межвузовская научно-практическая конференция
_f2009
_eМосква
_3RU\NLR\AUTH\8810157136
_9809664
801 0 _aRU
_bNLR
_c20100628
_gRCR
801 1 _aRU
_bNLR
_c20100628
942 _cBOOK
980 _aNB